Estadísticas para Países Asiáticos más Adivinados en Jetpunk

Haz click aquí para intentar la prueba.

Estadísticas generales

  • Esta prueba ha sido intentada 1.562 veces
    (1.249 desde el último reinicio)
  • La puntuación promedio es 10 de 12

Estadísticas de respuestas

%País% Correcto
99%China
100%
98%Japón
99%
98%India
97%
97%Corea del Sur
93%
97%Corea del Norte
87%
94%Indonesia
85%
96%Irán
84%
95%Arabia Saudita
82%
96%Irak
82%
97%Mongolia
78%
94%Pakistán
74%
95%Turquía
72%

Distribución de puntuación

Porcentaje por número respondido

Porcentaje de gente con cada puntuación

Historial de tus puntuaciones

No has intentado esta prueba desde el último reinicio